Welcome to CU Library Online Public Access Catalogue (OPAC)

College algebra : (Record no. 1334)

MARC details
000 -LEADER
fixed length control field 00918cam a22002534a 4500
001 - CONTROL NUMBER
control field 15032479
005 - DATE AND TIME OF LATEST TRANSACTION
control field 20241118204218.0
008 - FIXED-LENGTH DATA ELEMENTS--GENERAL INFORMATION
fixed length control field 071003s2009 maua 001 0 eng
020 ## - INTERNATIONAL STANDARD BOOK NUMBER
International Standard Book Number 9780618260362 (instructor's annotated ed.)
020 ## - INTERNATIONAL STANDARD BOOK NUMBER
International Standard Book Number 0618260366 (instructor's annotated ed.)
020 ## - INTERNATIONAL STANDARD BOOK NUMBER
International Standard Book Number 9780618260355 (student ed.)
020 ## - INTERNATIONAL STANDARD BOOK NUMBER
International Standard Book Number 0618260358 (student ed.)
050 00 - LIBRARY OF CONGRESS CALL NUMBER
Classification number QA154.3
Item number .N374 2009
082 00 - DEWEY DECIMAL CLASSIFICATION NUMBER
Classification number 512.9
Edition information 22
100 1# - MAIN ENTRY--PERSONAL NAME
Personal name Narasimhan, Revathi.
245 10 - TITLE STATEMENT
Title College algebra :
Remainder of title building concepts and connections /
Statement of responsibility, etc. Revathi Narasimhan.
250 ## - EDITION STATEMENT
Edition statement Instructor's annotated ed.
260 ## - PUBLICATION, DISTRIBUTION, ETC.
Place of publication, distribution, etc. Boston :
Name of publisher, distributor, etc. Houghton Mifflin,
Date of publication, distribution, etc. c2009. +
Place of manufacture 1 leaf of tabs.
300 ## - PHYSICAL DESCRIPTION
Extent xxix, 698, 20, 67, 115, 6 p. :
Other physical details col. ill. ;
Dimensions 27 cm.
500 ## - GENERAL NOTE
General note Includes index.
650 #0 - SUBJECT ADDED ENTRY--TOPICAL TERM
Topical term or geographic name entry element Algebra
Form subdivision Textbooks.
856 41 - ELECTRONIC LOCATION AND ACCESS
Materials specified Table of contents only
Uniform Resource Identifier <a href="http://www.loc.gov/catdir/toc/fy0903/2007938673.html">http://www.loc.gov/catdir/toc/fy0903/2007938673.html</a>
942 ## - ADDED ENTRY ELEMENTS (KOHA)
Source of classification or shelving scheme Library of Congress Classification
Koha item type Books
Suppress in OPAC No
999 ## -
-- 1334
-- 1334
Holdings
Withdrawn status Lost status Source of classification or shelving scheme Damaged status Not for loan Collection Home library Current library Shelving location Date acquired Total checkouts Full call number Barcode Date last seen Copy number Price effective from Koha item type
    Library of Congress Classification     Non-fiction Science Library (Miotso) Science Library (Miotso) General stacks 11/18/2024   QA154.3 .N374 NAR SLM00000728 11/18/2024 1 11/18/2024 Books
© 2023-2024 Copyright: Central University Libraries. All Rights Reserved | Created by: Mahone Tech Office